| 000 | 00741nam a2200265 a 4500 | ||
|---|---|---|---|
| 008 | |||
| 020 | _a0273603191 (pbk.) | ||
| 049 | _aMAIN | ||
| 090 |
_aHF5437.A3 _bBAI |
||
| 245 | 1 | 0 |
_aPurchasing principles and management / _cPeter Baily... [ et al.] |
| 250 | _a7th ed. | ||
| 260 |
_aLondon : _bPitman, _c1994. |
||
| 300 |
_avii, 339 p: _bill. ; _c25 cm. |
||
| 500 | _aIncludes index. | ||
| 504 | _aIncludes bibliographical references. | ||
| 650 | _aPurchasing. | ||
| 700 | _aJones, David. | ||
| 700 | _aJessop, David. | ||
| 700 | _aFarmer,David. | ||
| 907 |
_a.b10301379 _b22-05-14 _c12-10-11 |
||
| 003 | |||
| 005 | 20230123125329.0 | ||
| 040 | _cNUST | ||
| 942 |
_cBOOKS _kHF5437.A3 _mBAI |
||
| 999 |
_c139668 _d139668 |
||